Interventions: (Record no. 85011)

MARC details
000 -LEADER
fixed length control field 00720nam a22002057a 4500
005 - DATE AND TIME OF LATEST TRANSACTION
control field 20140611113954.0
010 ## - LCCN (DPL NO)
LC control number B-504751-757
020 ## - INTERNATIONAL STANDARD BOOK NUMBER
International Standard Book Number 9781846142970
Terms of availability 799.00
035 ## - SYSTEM CONTROL NUMBER
System control number B-504751-757
037 ## - SOURCE OF ACQUISITION
Stock number dpl
Source of stock number/acquisition K.K.Pub/Ven
082 ## - DEWEY DECIMAL CLASSIFICATION NUMBER
Classification number 341.23092
100 ## - MAIN ENTRY--PERSONAL NAME
Personal name Annan, Kofi
245 ## - TITLE STATEMENT
Title Interventions:
Remainder of title a life in war and peace/
Statement of responsibility, etc by Kofi Annan with Nader Mousavizadeh
260 ## - PUBLICATION, DISTRIBUTION, ETC. (IMPRINT)
Place of publication, distribution, etc New Delhi
Name of publisher, distributor, etc Penguin Group
Date of publication, distribution, etc 2012
270 ## - ADDRESS
Address 11 Community Centre,Panchsheel
City New Delhi
Postal code 110017
300 ## - PHYSICAL DESCRIPTION
Extent 383p.:
Other physical details ill.
Dimensions 23cm(Hb)
500 ## - GENERAL NOTE
General note includes index
942 ## - ADDED ENTRY ELEMENTS (KOHA)
Source of classification or shelving scheme Dewey Decimal Classification
Item type English Books
Classification part 341.23092
Call number suffix ANN
Holdings
Withdrawn status Lost status Not for loan Collection code Home library Current library Date acquired Source of acquisition Cost, normal purchase price Full call number Barcode Copy number Cost, replacement price Koha item type
      Non-fiction Central Library Central Library 11/06/2014 K.K.Pub/BL2983/11.03.2013/172/11.03.2013/20.03.2013 799.00 341.23092 ANN B-504751 1 799.00 English Books
      Non-fiction Janak Puri Janak Puri 11/06/2014 K.K.Pub/BL2983/11.03.2013/172/11.03.2013/20.03.2013 799.00 341.23092 ANN B-504754 1 799.00 English Books
      Non-fiction Karol Bagh Karol Bagh 11/06/2014 K.K.Pub/BL2983/11.03.2013/172/11.03.2013/20.03.2013 799.00 341.23092 ANN B-504755 1 799.00 English Books
      Non-fiction Kasturba Gandhi Marg Kasturba Gandhi Marg 11/06/2014 K.K.Pub/BL2983/11.03.2013/172/11.03.2013/20.03.2013 799.00 341.23092 ANN B-504753 1 799.00 English Books
      Non-fiction Narela Narela 11/06/2014 K.K.Pub/BL2983/11.03.2013/172/11.03.2013/20.03.2013 799.00 341.23092 ANN B-504756 1 799.00 English Books
  Written-off vide DLB M. No. 383 dt 16.05.19   Non-fiction Patel Nagar Patel Nagar 11/06/2014 K.K.Pub/BL2983/11.03.2013/172/11.03.2013/20.03.2013 799.00 341.23092 ANN B-504752 1 799.00 English Books
  Written-off vide DLB M. No. 383 dt 16.05.19   Non-fiction Shahdara Branch Shahdara Branch 11/06/2014 K.K.Pub/BL2983/11.03.2013/172/11.03.2013/20.03.2013 799.00 341.23092 ANN B-504757 1 799.00 English Books

© Delhi Public Library
Hit Counter
free hit counter